<?xml version="1.0" encoding="UTF-8"?>
<collection xmlns="http://www.loc.gov/MARC21/slim">
  <record>
    <leader>00000nam  2200000   4500</leader>
    <controlfield tag="001">INLIS000000000008945</controlfield>
    <controlfield tag="005">20200707111347</controlfield>
    <datafield tag="035" ind1="#" ind2="#">
      <subfield code="a">0010-0720000036</subfield>
    </datafield>
    <controlfield tag="007">ta</controlfield>
    <controlfield tag="008">200707################|##########|#|##</controlfield>
    <datafield tag="100" ind1="3" ind2="#">
      <subfield code="a">Simandjorang, Vincent</subfield>
    </datafield>
    <datafield tag="245" ind1="1" ind2="#">
      <subfield code="a">Selamat Datang Disrupsi Birokrasi /</subfield>
      <subfield code="c">Bonataon M.T. Vincent Simandjorang</subfield>
    </datafield>
    <datafield tag="260" ind1="#" ind2="#">
      <subfield code="a">Jakarta :</subfield>
      <subfield code="b">Sinar Indonesia Baru,</subfield>
      <subfield code="c">2020</subfield>
    </datafield>
    <datafield tag="300" ind1="#" ind2="#">
      <subfield code="a">hlm</subfield>
    </datafield>
    <datafield tag="650" ind1="#" ind2="#">
      <subfield code="a">Birokrasi</subfield>
    </datafield>
    <datafield tag="310" ind1=" " ind2=" ">
      <subfield code="a">harian</subfield>
    </datafield>
    <datafield tag="856" ind1="#" ind2="#">
      <subfield code="a">Perpustakaan Lembaga Administrasi Negara</subfield>
    </datafield>
  </record>
</collection>
